[Event "HUN-chT2 Barcza 1819"]
[Site "Hungary"]
[Date "2019.04.28"]
[Round "11.11"]
[White "Kohan, Zsolt"]
[Black "Csendi, Balazs"]
[Result "1/2-1/2"]
[WhiteElo "1594"]
[BlackElo "2050"]
[PlyCount "57"]
[EventDate "2018.09.23"]
[EventType "team-tourn"]
[EventRounds "11"]
[EventCountry "HUN"]
[SourceTitle "EXT 2021"]
[Source "ChessBase"]
[SourceDate "2020.10.23"]
[SourceVersion "1"]
[SourceVersionDate "2020.10.23"]
[SourceQuality "1"]
[WhiteTeam "Nyiregyhaza"]
[BlackTeam "Miskolc Kisbocsok"]
[WhiteTeamCountry "HUN"]
[BlackTeamCountry "HUN"]

1. f4 c5 2. e4 e6 3. Nf3 Nc6 4. Nc3 d6 5. d4 cxd4 6. Nxd4 Bd7 7. Bb5 Qc7 8. Be3 Nf6 9. Qe2 a6 10. Bd3 Be7 11. a3 0-0 12. 0-0 Nxd4 13. Bxd4 e5 14. fxe5 dxe5 15. Bf2 Be6 16. h3 b5 17. Bh4 Bc5+ 18. Kh1 Nd7 19. Rf3 Bxa3 20. Rxa3 b4 21. Rxa6 bxc3 22. Rxa8 Rxa8 23. bxc3 Qxc3 24. Bb5 Qb2 25. Bxd7 Bxd7 26. Rb3 Qc1+ 27. Kh2 Rc8 28. Qd3 Ba4 29. Rc3 1/2-1/2

[Event "HUN-chT2 Barcza 1819"]
[Site "Hungary"]
[Date "2019.02.24"]
[Round "8.10"]
[White "Fazekas, Istvan"]
[Black "Csendi, Balazs"]
[Result "1/2-1/2"]
[WhiteElo "1445"]
[BlackElo "2050"]
[PlyCount "41"]
[EventDate "2018.09.23"]
[EventType "team-tourn"]
[EventRounds "11"]
[EventCountry "HUN"]
[SourceTitle "CBM 189 Extra"]
[Source "ChessBase"]
[SourceDate "2019.06.03"]
[SourceVersion "1"]
[SourceVersionDate "2019.06.03"]
[SourceQuality "1"]
[WhiteTeam "Kazincbarcika"]
[BlackTeam "Miskolc Kisbocsok"]
[WhiteTeamCountry "HUN"]
[BlackTeamCountry "HUN"]

1. d4 Nf6 2. e3 e6 3. Bd3 c5 4. c3 b6 5. f4 Bb7 6. Nf3 Be7 7. 0-0 Be4 8. Bxe4 Nxe4 9. Nbd2 d5 10. Qe2 0-0 11. Qd3 c4 12. Nxc4 dxc4 13. Qxe4 Nd7 14. Ne5 f5 15. Qc6 Nxe5 16. fxe5 Qd5 17. Qxd5 exd5 18. Bd2 g6 19. Rf3 Kf7 20. g4 Ke6 21. gxf5+ 1/2-1/2

[Event "HUN-chT2 Maroczy 1718"]
[Site "Hungary"]
[Date "2018.02.18"]
[Round "6.12"]
[White "Csendi, Balazs"]
[Black "Kecze, Matyas"]
[Result "1/2-1/2"]
[WhiteElo "2005"]
[BlackElo "1830"]
[PlyCount "84"]
[EventDate "2017.10.29"]
[EventType "team-tourn"]
[EventRounds "9"]
[EventCountry "HUN"]
[SourceTitle "EXT 2021"]
[Source "ChessBase"]
[SourceDate "2020.10.23"]
[SourceVersion "1"]
[SourceVersionDate "2020.10.23"]
[SourceQuality "1"]
[WhiteTeam "Miskolc KisBocsok"]
[BlackTeam "Kisujszallas"]
[WhiteTeamCountry "HUN"]
[BlackTeamCountry "HUN"]

1. e4 e6 2. d4 d5 3. Nc3 Nf6 4. e5 Nfd7 5. f4 a6 6. Nf3 c5 7. Be3 Nc6 8. Qd2 cxd4 9. Nxd4 Ndb8 10. Bd3 Nxd4 11. Bxd4 Nc6 12. Ne2 Bb4 13. c3 Nxd4 14. Nxd4 Bc5 15. 0-0 Qb6 16. Kh1 Bd7 17. Bc2 Rc8 18. f5 Bxd4 19. cxd4 exf5 20. Bxf5 Bxf5 21. Rxf5 0-0 22. Raf1 Rce8 23. Qf4 Qe6 24. Qg3 Kh8 25. R5f3 Rc8 26. Rc3 Rc4 27. Rxc4 dxc4 28. Rd1 Qd5 29. Qf3 Rd8 30. Kg1 Kg8 31. Qxd5 Rxd5 32. Kf2 Kf8 33. Ke3 Ke7 34. Rc1 b5 35. Ke4 Rd8 36. d5 Rc8 37. Kd4 Kd7 38. a4 Ke7 39. axb5 axb5 40. b3 cxb3 41. Rb1 Rc4+ 42. Kd3 Rc5 1/2-1/2

[Event "HUN-chT2 Maroczy 1718"]
[Site "Hungary"]
[Date "2018.01.28"]
[Round "5.11"]
[White "Csendi, Balazs"]
[Black "Kaposztas, Miklos"]
[Result "1-0"]
[WhiteElo "1985"]
[BlackElo "2077"]
[PlyCount "113"]
[EventDate "2017.10.29"]
[EventType "team-tourn"]
[EventRounds "9"]
[EventCountry "HUN"]
[SourceTitle "EXT 2021"]
[Source "ChessBase"]
[SourceDate "2020.10.23"]
[SourceVersion "1"]
[SourceVersionDate "2020.10.23"]
[SourceQuality "1"]
[WhiteTeam "Miskolc KisBocsok"]
[BlackTeam "Budapest Vasas"]
[WhiteTeamCountry "HUN"]
[BlackTeamCountry "HUN"]

1. e4 c5 2. Nf3 g6 3. d4 Bg7 4. dxc5 Qa5+ 5. c3 Qxc5 6. Be3 Qc7 7. Nbd2 Nc6 8. Bc4 Nf6 9. Qe2 d6 10. 0-0 0-0 11. Bf4 Nh5 12. Bg5 h6 13. Be3 Bg4 14. h3 Bxf3 15. Nxf3 Rac8 16. Bd3 Nf6 17. Nh2 d5 18. Ng4 dxe4 19. Nxf6+ exf6 20. Bxe4 f5 21. Bxc6 bxc6 22. Rfd1 Rfd8 23. Qa6 c5 24. Qc4 Bf8 25. Rxd8 Qxd8 26. Re1 Qd6 27. b4 Qc7 28. bxc5 Re8 29. Rd1 Re4 30. Rd4 Rxe3 31. fxe3 Bxc5 32. Kh1 Qe7 33. Rd1 Qxe3 34. Qd3 Qe5 35. c4 Bb6 36. Qd6 Qe3 37. a4 Kg7 38. a5 Bc5 39. Qd3 Qe5 40. Qb1 Bd4 41. Qc1 g5 42. c5 Bxc5 43. Qa1 Kf6 44. Qxe5+ Kxe5 45. g3 a6 46. Rd7 Bb4 47. Rc7 Kd5 48. Rxf7 Ke6 49. Ra7 Ke5 50. Rxa6 Ke4 51. Re6+ Kf3 52. a6 Bc5 53. Rxh6 Kxg3 54. Rh7 f4 55. a7 Bxa7 56. Rxa7 Kxh3 57. Ra3+ 1-0

[Event "HUN-ch U18"]
[Site "Balatonlelle"]
[Date "2016.06.30"]
[Round "7"]
[White "Kassay, Krisztian"]
[Black "Csendi, Balazs"]
[Result "1/2-1/2"]
[WhiteElo "2122"]
[BlackElo "1977"]
[PlyCount "45"]
[EventDate "2016.06.24"]
[EventType "swiss"]
[EventRounds "7"]
[EventCountry "HUN"]
[SourceTitle "CBM 173 Extra"]
[Source "ChessBase"]
[SourceDate "2016.08.29"]
[SourceVersion "1"]
[SourceVersionDate "2016.08.29"]
[SourceQuality "1"]

1. Nf3 Nf6 2. c4 e6 3. g3 b6 4. Bg2 Bb7 5. 0-0 c5 6. Nc3 Be7 7. d3 a6 8. a3 0-0 9. Rb1 Nc6 10. Qa4 Qc7 11. Bf4 d6 12. b4 cxb4 13. axb4 Ne5 14. Bxe5 dxe5 15. Rfc1 e4 16. dxe4 Nxe4 17. Nxe4 Bxe4 18. Nd2 Bxb1 19. Bxa8 Rxa8 20. Rxb1 Rd8 21. Qc2 a5 22. bxa5 bxa5 23. Qa2 1/2-1/2

[Event "HUN-ch U18"]
[Site "Balatonlelle"]
[Date "2016.06.25"]
[Round "2"]
[White "Radai, Zoltan Mate"]
[Black "Csendi, Balazs"]
[Result "1-0"]
[WhiteElo "2003"]
[BlackElo "1977"]
[PlyCount "67"]
[EventDate "2016.06.24"]
[EventType "swiss"]
[EventRounds "7"]
[EventCountry "HUN"]
[SourceTitle "CBM 173 Extra"]
[Source "ChessBase"]
[SourceDate "2016.08.29"]
[SourceVersion "1"]
[SourceVersionDate "2016.08.29"]
[SourceQuality "1"]

1. Nf3 Nf6 2. g3 e6 3. Bg2 c5 4. c4 Nc6 5. 0-0 a6 6. Nc3 Be7 7. d4 cxd4 8. Nxd4 0-0 9. e4 Qc7 10. Be3 Rb8 11. Rc1 Qa5 12. Qe2 Nxd4 13. Bxd4 e5 14. Be3 d6 15. Rfd1 Be6 16. Bd2 Qc7 17. Nd5 Bxd5 18. cxd5 Qd7 19. Rc4 Rbc8 20. Rdc1 Rxc4 21. Qxc4 Bd8 22. Qb3 Be7 23. Qc4 Bd8 24. a4 Bb6 25. a5 Bd4 26. b4 Ng4 27. Be1 f5 28. h3 Ne3 29. Qc7 Qb5 30. Qxd6 Nxg2 31. Qe6+ Kh8 32. Rc8 h6 33. Rxf8+ Kh7 34. Qxf5+ 1-0

[Event "HUN-chT2 Barcza 1516"]
[Site "Hungary"]
[Date "2015.11.29"]
[Round "5.10"]
[White "Csendi, Balazs"]
[Black "Nagy, Sandor I"]
[Result "0-1"]
[WhiteElo "1883"]
[BlackElo "2105"]
[PlyCount "50"]
[EventDate "2015.09.13"]
[EventType "team-tourn"]
[EventRounds "11"]
[EventCountry "HUN"]
[SourceTitle "CBM 170 Extra"]
[Source "ChessBase"]
[SourceDate "2016.02.25"]
[SourceVersion "1"]
[SourceVersionDate "2016.02.25"]
[SourceQuality "1"]
[WhiteTeam "Miskolc KisBocsok"]
[BlackTeam "Kwizda Sakkiskola"]
[WhiteTeamCountry "HUN"]
[BlackTeamCountry "HUN"]

1. e4 c6 2. d4 d5 3. Nc3 dxe4 4. Nxe4 Bf5 5. Ng3 Bg6 6. h4 h6 7. h5 Bh7 8. Nf3 Nd7 9. Bd3 Bxd3 10. Qxd3 e6 11. Bf4 Qa5+ 12. Bd2 Bb4 13. c3 Be7 14. 0-0 Ngf6 15. c4 Qc7 16. Rfe1 Bd6 17. d5 Bxg3 18. dxe6 Ne5 19. exf7+ Kxf7 20. Ng5+ hxg5 21. Qxg3 Rxh5 22. Bxg5 Rah8 23. f4 Qb6+ 24. Kf1 Rh1+ 25. Ke2 Qxb2+ 0-1

[Event "HUN-ch U18"]
[Site "Balatonlelle"]
[Date "2015.06.24"]
[Round "7"]
[White "Csendi, Balazs"]
[Black "Marton, Benedek"]
[Result "0-1"]
[WhiteElo "1907"]
[BlackElo "1514"]
[PlyCount "72"]
[EventDate "2015.06.18"]
[EventType "swiss"]
[EventRounds "7"]
[EventCountry "HUN"]
[SourceTitle "CBM 167 Extra"]
[Source "ChessBase"]
[SourceDate "2015.09.14"]
[SourceVersion "1"]
[SourceVersionDate "2015.09.14"]
[SourceQuality "1"]

1. e4 e6 2. d4 d5 3. Nc3 Bb4 4. e5 c5 5. a3 Bxc3+ 6. bxc3 Ne7 7. Qg4 0-0 8. Nf3 f5 9. Qh3 Qc7 10. Kd1 Bd7 11. g4 cxd4 12. cxd4 Qc3 13. Bd3 Ba4 14. Ng5 h6 15. Nxe6 Bxc2+ 16. Ke2 Bxd3+ 17. Qxd3 Qxa1 18. Nxf8 Kxf8 19. gxf5 Nbc6 20. Rd1 Qa2+ 21. Ke1 Re8 22. f6 gxf6 23. Qh7 Ng8 24. Bxh6+ Nxh6 25. Qxh6+ Kf7 26. Qxf6+ Kg8 27. Qg6+ Kf8 28. Rd3 Qb1+ 29. Ke2 Nxd4+ 30. Ke3 Rxe5+ 31. Kxd4 Re4+ 32. Kc5 Rc4+ 33. Kxd5 Qb5+ 34. Ke6 Rc6+ 35. Rd6 Rxd6+ 36. Kxd6 Qc6+ 0-1

[Event "HUN-chT2 Maroczy 1415"]
[Site "Hungary"]
[Date "2015.03.22"]
[Round "8"]
[White "Csendi, Balazs"]
[Black "Fodor, Balazs"]
[Result "0-1"]
[WhiteElo "1840"]
[BlackElo "1893"]
[PlyCount "48"]
[EventDate "2014.10.12"]
[EventType "team-tourn"]
[EventRounds "9"]
[EventCountry "HUN"]
[SourceTitle "EXT 2016"]
[Source "ChessBase"]
[SourceDate "2015.10.08"]
[SourceVersion "1"]
[SourceVersionDate "2015.10.08"]
[SourceQuality "1"]
[WhiteTeam "Miskolc KisBocsok"]
[BlackTeam "Magyar Sakkvilag"]
[WhiteTeamCountry "HUN"]
[BlackTeamCountry "HUN"]

1. e4 c6 2. d4 d5 3. Nc3 dxe4 4. Nxe4 Nd7 5. Bc4 Ngf6 6. Ng5 Nd5 7. N1f3 h6 8. Ne4 e6 9. a3 Qc7 10. 0-0 Be7 11. Re1 0-0 12. Ba2 b5 13. c3 Bb7 14. Bb1 Rfd8 15. Qd3 N5f6 16. Nxf6+ Nxf6 17. Ne5 Bd6 18. Qg3 Kf8 19. f4 c5 20. dxc5 Bxc5+ 21. Be3 Rd2 22. Nf3 Rxb2 23. f5 Bxe3+ 24. Rxe3 Qc5 0-1

[Event "HUN-chT2 Maroczy 1415"]
[Site "Hungary"]
[Date "2014.11.30"]
[Round "3"]
[White "Csendi, Balazs"]
[Black "Somogyi, Gabor"]
[Result "1/2-1/2"]
[WhiteElo "1840"]
[BlackElo "1970"]
[PlyCount "22"]
[EventDate "2014.10.12"]
[EventType "team-tourn"]
[EventRounds "9"]
[EventCountry "HUN"]
[SourceTitle "EXT 2016"]
[Source "ChessBase"]
[SourceDate "2015.10.08"]
[SourceVersion "1"]
[SourceVersionDate "2015.10.08"]
[SourceQuality "1"]
[WhiteTeam "Miskolc KisBocsok"]
[BlackTeam "Dunaharaszti II"]
[WhiteTeamCountry "HUN"]
[BlackTeamCountry "HUN"]

1. e4 c5 2. Nf3 e6 3. c4 Nc6 4. d4 cxd4 5. Nxd4 d6 6. Nc3 Nf6 7. Be2 Be7 8. 0-0 0-0 9. Be3 a6 10. f4 Bd7 11. Bf3 Rc8 1/2-1/2

[Event "HUN-chT2 Barcza 1213"]
[Site "Hungary"]
[Date "2012.11.04"]
[Round "3.10"]
[White "Baranyai, Antal"]
[Black "Csendi, Balazs"]
[Result "0-1"]
[WhiteElo "1656"]
[BlackElo "1683"]
[PlyCount "129"]
[EventDate "2012.09.16"]
[EventType "team-tourn"]
[EventRounds "11"]
[EventCountry "HUN"]
[SourceTitle "EXT 2014"]
[Source "ChessBase"]
[SourceDate "2013.11.20"]
[SourceVersion "1"]
[SourceVersionDate "2013.11.20"]
[SourceQuality "1"]
[WhiteTeam "Nadudvar"]
[BlackTeam "Miskolc Kisbocsok"]
[WhiteTeamCountry "HUN"]
[BlackTeamCountry "HUN"]

1. e4 c5 2. Nf3 d6 3. Bc4 e6 4. Nc3 Nf6 5. 0-0 a6 6. d4 cxd4 7. Nxd4 b5 8. Bd3 Bb7 9. f3 g6 10. Kh1 Bg7 11. Bg5 Nbd7 12. a3 0-0 13. Qd2 Qb6 14. Nde2 Rfc8 15. Ng3 Ne5 16. Rad1 Nfd7 17. Be2 Rc6 18. Be7 Nc4 19. Bxc4 bxc4 20. Na4 Qb5 21. Qb4 Qxb4 22. axb4 c3 23. b3 Bf8 24. Bxf8 Kxf8 25. Ne2 Rac8 26. Rd3 Ne5 27. Re3 R6c7 28. Rxc3 Rxc3 29. Nexc3 Bc6 30. Rf2 Bxa4 31. Nxa4 Nd3 32. Rd2 Nxb4 33. c3 Ke7 34. g4 Nc6 35. b4 Ne5 36. Kg2 Nc4 37. Re2 Rb8 38. Kg3 Ra8 39. Ra2 a5 40. Nb2 Nxb2 41. Rxb2 a4 42. Ra2 Kd7 43. Kf4 Kc6 44. Ke3 Kb5 45. Ra3 Kc4 46. h4 d5 47. exd5 exd5 48. Kd2 d4 49. cxd4 Kxb4 50. Ra1 a3 51. Kd3 a2 52. Kc2 Ka3 53. Re1 Rc8+ 54. Kd3 Kb2 55. Re2+ Kb1 56. Rxa2 Kxa2 57. d5 Rd8 58. Kc4 Kb2 59. f4 f5 60. gxf5 gxf5 61. Kd4 Kc2 62. Kc5 Kd3 63. d6 Rxd6 64. Kxd6 Ke4 65. Ke6 0-1

[Event "HUN-chT U18"]
[Site "Budapest"]
[Date "2012.10.28"]
[Round "2.4"]
[White "Csendi, Balazs"]
[Black "Grimm, Gyorgy"]
[Result "1/2-1/2"]
[WhiteElo "1683"]
[BlackElo "2045"]
[PlyCount "115"]
[EventDate "2012.10.28"]
[EventType "team-swiss"]
[EventRounds "8"]
[EventCountry "HUN"]
[SourceTitle "EXT 2020"]
[Source "ChessBase"]
[SourceDate "2019.10.17"]
[SourceVersion "1"]
[SourceVersionDate "2019.10.17"]
[SourceQuality "1"]

1. e4 c5 2. Nf3 Nc6 3. d4 cxd4 4. Nxd4 Nf6 5. Nc3 e5 6. Ndb5 d6 7. Bg5 a6 8. Na3 b5 9. Nd5 Be7 10. Bxf6 Bxf6 11. c4 b4 12. Nc2 a5 13. Be2 0-0 14. 0-0 Bg5 15. Qd3 Be6 16. Rad1 Ra7 17. Nde3 Rd7 18. Bg4 Nb8 19. b3 Na6 20. Qe2 Nc5 21. Nd5 g6 22. Ne1 f5 23. Bf3 Bxd5 24. Rxd5 Ne6 25. g3 Nd4 26. Qd3 Qc7 27. Bg2 Rdf7 28. Nc2 fxe4 29. Qxe4 Nxc2 30. Qxc2 Be7 31. Rb5 Kh8 32. Qe4 Bg5 33. Rb7 Qxb7 34. Qxb7 Rxb7 35. Bxb7 Bd2 36. Rd1 Bc3 37. h4 Bd4 38. Rd2 Bc5 39. Bc6 Kg7 40. Kg2 h6 41. Re2 Rc8 42. Bd7 Rc7 43. Be8 Re7 44. Bc6 Rc7 45. Be8 Rc8 46. Bd7 Rd8 47. Bc6 Rf8 48. Kg1 h5 49. Kg2 Kh6 50. f3 g5 51. Re4 gxh4 52. Rxh4 Kg5 53. Re4 Rf6 54. Rh4 Rf8 55. Bd7 Rd8 56. Bc6 Rc8 57. Bd7 Rd8 58. Bc6 1/2-1/2

[Event "HUN-chT2 Barcza 1213"]
[Site "Hungary"]
[Date "2012.10.07"]
[Round "2.11"]
[White "Galgovics, Andras"]
[Black "Csendi, Balazs"]
[Result "1-0"]
[WhiteElo "1955"]
[BlackElo "1683"]
[PlyCount "115"]
[EventDate "2012.09.16"]
[EventType "team-tourn"]
[EventRounds "11"]
[EventCountry "HUN"]
[SourceTitle "EXT 2014"]
[Source "ChessBase"]
[SourceDate "2013.11.20"]
[SourceVersion "1"]
[SourceVersionDate "2013.11.20"]
[SourceQuality "1"]
[WhiteTeam "Miskolc EMSE"]
[BlackTeam "Miskolc Kisbocsok"]
[WhiteTeamCountry "HUN"]
[BlackTeamCountry "HUN"]

1. d4 e6 2. c4 Nf6 3. Nc3 c5 4. d5 exd5 5. cxd5 d6 6. e4 a6 7. a4 g6 8. Bg5 Bg7 9. f4 Qa5 10. Qd2 0-0 11. Nf3 Re8 12. Bd3 b5 13. 0-0 c4 14. axb5 Qb6+ 15. Kh1 cxd3 16. Qxd3 Nbd7 17. Nd2 Nc5 18. Qf3 Bg4 19. Qg3 Bc8 20. e5 dxe5 21. fxe5 Nfe4 22. Ndxe4 Nxe4 23. Nxe4 Bxe5 24. Nf6+ Bxf6 25. Bxf6 Bb7 26. Qg5 Qe3 27. Qxe3 Rxe3 28. bxa6 Rxa6 29. Rxa6 Bxa6 30. Rd1 Bb7 31. Kg1 Bc8 32. Rc1 Bd7 33. Rc7 Bb5 34. Kf2 Re2+ 35. Kf3 Re1 36. Rc8+ Re8 37. Rc5 Ba4 38. d6 Re6 39. Rc8+ Re8 40. Rc4 Re6 41. Be7 Bd1+ 42. Kf4 g5+ 43. Kxg5 f6+ 44. Kf4 Kf7 45. Rc8 Ba4 46. Rf8+ Kg7 47. Ra8 Bc6 48. Ra7 Re4+ 49. Kf5 Re5+ 50. Kg4 Re4+ 51. Kh3 Re3+ 52. g3 Rd3 53. Kh4 Kg6 54. Bf8 Rd2 55. h3 Kf5 56. Rxh7 Ke6 57. Re7+ Kf5 58. g4+ 1-0

[Event "HUN-chT U18"]
[Site "Miskolc"]
[Date "2011.11.04"]
[Round "5.5"]
[White "Csendi, Balazs"]
[Black "Doma, Erno"]
[Result "1-0"]
[WhiteElo "1674"]
[BlackElo "1531"]
[PlyCount "83"]
[EventDate "2011.11.02"]
[EventType "team-swiss"]
[EventRounds "8"]
[EventCountry "HUN"]
[SourceTitle "EXT 2012"]
[Source "ChessBase"]
[SourceDate "2011.11.24"]
[SourceVersion "1"]
[SourceVersionDate "2011.11.24"]
[SourceQuality "1"]
[WhiteTeam "Miskolc"]
[BlackTeam "Sarvar"]
[WhiteTeamCountry "HUN"]
[BlackTeamCountry "HUN"]

1. e4 e5 2. Nf3 Nc6 3. Bc4 Nf6 4. d3 d6 5. c3 Na5 6. Bb3 Nxb3 7. axb3 Be7 8. Nbd2 0-0 9. Nf1 h6 10. Ng3 Nh7 11. h3 Ng5 12. Nh2 Be6 13. Ng4 Qd7 14. Ne3 f5 15. exf5 Bf7 16. 0-0 d5 17. Ng4 Qd6 18. f6 Bxf6 19. Nf5 Qe6 20. Ng3 Rfe8 21. f4 exf4 22. Bxf4 Bd8 23. Bxg5 Bxg5 24. Qf3 Bg6 25. Rae1 Qb6+ 26. d4 Rxe1 27. Rxe1 Qxb3 28. Rf1 Be7 29. Ne5 Rf8 30. Qg4 Rxf1+ 31. Kxf1 Bf7 32. Nf5 Bg5 33. h4 h5 34. Qxg5 Qd1+ 35. Kf2 Qc2+ 36. Kg1 g6 37. Nh6+ Kg7 38. Nhxf7 Qb1+ 39. Kh2 Qe4 40. Qh6+ Kf6 41. Qh8+ Ke6 42. Ng5+ 1-0